000
00259nam a2200121Ia 4500
008
190216s9999||||xx |||||||||||||| ||und||
100
_a
Rekha K
245
0
_a
Snehithane Snehithane
260
_b
Dc Books
300
_a
71
650
_a
Malayalam
942
_c
BK
999
_c
28580
_d
28580